000 00828nam0a22002531 4500
001 rc\921493
005 20041129095117.1
035 _a(NLR Aleph) 006095465
090 _a5203524
_c5203524
100 _a20041129d1982 u |0rusy50 ca
101 0 _arus
102 _aRU
105 _aa |||||||||
200 1 _aМузыка эпохи Возрождения
_eCantus prius factus и работа с ним
210 _aМ.
_cМузыка
_d1982
215 _a253 с.
_cнот., нот. ил.
_d20
320 _aУказ. имен: с. 243-252
700 1 _aЕвдокимова
_bЮ. К.
_gЮлия Константиновна
701 1 _aСимакова
_bН. А.
_gНаталья Александровна
801 0 _aRU
_bNLR
_gpsbo
801 1 _aRU
_bELAR
_2rusmarc
852 _aNLR
_j83-3/2009
942 _cBOOK
980 _aNB